All TDS Towers - Statistics

General Stats
  • This quiz has been taken 180 times
    74 since last reset
  • The average score is 46 of 62
Answer Stats
Answer % Correct
Scout
98%
Sniper
98%
Military Base
94%
Soldier
94%
Accelerator
92%
Minigunner
92%
Necromancer
92%
Pyromancer
92%
Brawler
90%
Crook Boss
90%
Engineer
90%
Commander
88%
Demoman
88%
DJ Booth
88%
Mercenary Base
88%
Militant
86%
Paintballer
86%
Cowboy
84%
Pursuit
84%
Ace Pilot
82%
Freezer
82%
Ranger
82%
Turret
82%
Hunter
80%
Mortar
80%
Farm
78%
Hacker
78%
Medic
78%
Electroshocker
76%
Gladiator
74%
Golden Crook Boss
74%
Golden Scout
74%
Sledger
74%
Elf Camp
72%
Golden Minigunner
72%
Slasher
72%
Swarmer
72%
Golden Soldier
70%
Toxic Gunner
70%
Warden
70%
Commando
68%
Golden Cowboy
68%
Golden Pyromancer
68%
Shotgunner
68%
Archer
64%
Biologist
64%
Gatling Gun
64%
Rocketeer
64%
Snowballer
64%
Assassin
62%
Frost Blaster
62%
Hallow Punk
58%
Spotlight Tech
58%
Executioner
56%
Harvester
56%
Jester
56%
Mecha Base
56%
Elementalist
54%
Trapper
54%
Firework Technician
52%
Cryomancer
50%
War Machine
50%
No matching quizzes found
Score Distribution
Percent of People with Each Score
Percentile by Number Answered
Your Score History
You have not taken this quiz since the last reset